000
00185nam a2200085Ia 4500
008
250605s9999 xx 000 0 und d
041
_a
eng
100
_a
Pragati Sharma
245
_a
Housewise
999
_c
45719
_d
45719